000
00342 a2200157 4500
001
178472
020
_a
040
_c
Magnum
100
_a
Graham, Bob
240
1
0
_a
Firuli a galinha garnise
_l
por
245
1
0
_a
Firuli a galinha garnise
362
0
_a
1899
440
1
_a
Ática
697
_a
MAGNITO: IJ/AVENTURA, CRIANCAS
942
_c
BK
999
_c
178472
_d
178472